000 01086nam a2200217 a 4500
008 120416s2000 ||||||||||||||||| || u
020 _a9966215123
050 _aHD 57.7 Kap
100 _aKapena, Sumbye
245 1 0 _aHow to be a wise leader
246 _aprinciples that work
260 _aNairobi
_bPaulines Publications
_c2000
300 _a71 pages
350 _a0.00
650 0 _aMANAGEMENT
650 0 _aLEADERSHIP
995 _aBINDERY (DAMAGED)
_D0.00
_e731154
_FCBU-MAIN LIBRARY (Kitwe)
_H3
_I7000.00
_jHD 57.7 Kap
_M3
_UDAMAGED
_WJul 7, 2006
_y028556
_ZMain Library Open Access Collection
995 _aSPECIAL COLLECTIONS
_D0.00
_e731161
_FCBU-MAIN LIBRARY (Kitwe)
_H1
_I7000.00
_jZAM HD 57.7 KAP
_M1
_UAVAILABLE
_y028560
_ZZambiana Collection
995 _aBINDERY (DAMAGED)
_D0.00
_e731159
_FCBU-MAIN LIBRARY (Kitwe)
_H4
_I7000.00
_jHD 57.7 Kap
_M4
_UDAMAGED
_WJul 7, 2006
_y028558
_ZMain Library Open Access Collection
995 _aMAIN LIBRARY OPEN ACCESS
_D0.00
_e731160
_FCBU-MAIN LIBRARY (Kitwe)
_H2
_I7000.00
_jHD 57.7 Kap
_M2
_UDAMAGED
_WJul 7, 2006
_y028559
_ZMain Library Open Access Collection
999 _c76361
_d76361